Online
Catalog

Historia del cerco de Lisboa / (Record no. 8864)

MARC details
000 -CABECERA
campo de control de longitud fija 00745cam a2200253 a 4500
001 - NÚMERO DE CONTROL
campo de control 000009100
005 - FECHA Y HORA DE LA ÚLTIMA TRANSACCIÓN
campo de control 20250218125614.0
008 - DATOS DE LONGITUD FIJA--INFORMACIÓN GENERAL
campo de control de longitud fija 930608s1999 sp 000 f spa d
020 ## - NÚMERO INTERNACIONAL ESTÁNDAR DEL LIBRO
Número Internacional Estándar del Libro 8420484415
040 ## - FUENTE DE LA CATALOGACIÓN
Centro catalogador/agencia de origen DO-SdBNP
Centro/agencia modificador BNPHU
082 ## - NÚMERO DE LA CLASIFICACIÓN DECIMAL DEWEY
Número de clasificación B869.34
Número de documento/Ítem S243h
049 ## - FONDOS LOCALES (OCLC)
Fondos de biblioteca BNGR
100 1# - ENTRADA PRINCIPAL--NOMBRE DE PERSONA
Nombre de persona Saramago, José,
Fechas asociadas al nombre 1922-2010
9 (RLIN) 12950
240 00 - TÍTULO UNIFORME
Título uniforme História dol cerco de Lisboa.
Lenguaje de la obra Español
245 10 - MENCIÓN DE TÍTULO
Título Historia del cerco de Lisboa /
Mención de responsabilidad, etc. José Saramago.
260 ## - PUBLICACIÓN, DISTRIBUCIÓN, ETC.
Lugar de publicación, distribución, etc. Madrid :
Nombre del editor, distribuidor, etc. Santillana ;
-- Alfaguara,
Fecha de publicación, distribución, etc. 1999.
300 ## - DESCRIPCIÓN FÍSICA
Extensión 427 p. ;
Dimensiones 22 cm.
490 1# - MENCIÓN DE SERIE
Mención de serie Biblioteca
650 #4 - PUNTO DE ACCESO ADICIONAL DE MATERIA--TÉRMINO DE MATERIA
Término de materia o nombre geográfico como elemento de entrada Novela portuguesa
9 (RLIN) 12951
650 #4 - PUNTO DE ACCESO ADICIONAL DE MATERIA--TÉRMINO DE MATERIA
Término de materia o nombre geográfico como elemento de entrada Literatura portuguesa
Subdivisión cronológica SIGLO XX
9 (RLIN) 13685
830 #0 - PUNTO DE ACCESO ADICIONAL DE SERIE-TÍTULO UNIFORME
Título uniforme Biblioteca
9 (RLIN) 1648
910 ## - DATOS DE OPCIÓN DEL USUARIO (OCLC)
Datos de opción del usuario Catalogación derivada
910 ## - DATOS DE OPCIÓN DEL USUARIO (OCLC)
Datos de opción del usuario WM
Holdings
Estado de retiro Estado de pérdida Restricciones de uso No para préstamo Código de colección Localización permanente Ubicación/localización actual Ubicación en estantería Fecha de adquisición Número de inventario Total de préstamos Signatura topográfica completa Código de barras Fecha visto por última vez Precio válido a partir de Tipo de ítem Koha
    Préstamo interno   Monografías: Libros y Folletos General General Depósito 26.09.2009 LF1   B869.34 S243h 9100-10 25.06.2020 25.06.2020 Préstamo interno

Powered by Koha